[Event "Biel MTO op 45th"]
[Site "Biel"]
[Date "2012.07.25"]
[Round "3"]
[White "Roiz, Michael"]
[Black "Golod, Vitali"]
[Result "1/2-1/2"]
[WhiteElo "2615"]
[BlackElo "2547"]
[Annotator "Roiz,M"]
[PlyCount "75"]
[EventDate "2012.07.23"]
[EventType "swiss"]
[EventRounds "11"]
[EventCountry "SUI"]
[SourceTitle "CBM 149 Extra"]
[Source "ChessBase"]
[SourceDate "2012.08.24"]
[SourceVersion "1"]
[SourceVersionDate "2012.08.24"]
[SourceQuality "1"]

1. d4 Nf6 2. c4 e6 3. Nf3 b6 4. g3 Ba6 5. Qc2 Bb4+ 6. Bd2 Bxd2+ {Black avoids
a well known lines, but it looks like now White gets a significant development
advantage.} (6... Be7 7. e4 d5 8. cxd5 Bxf1 9. Kxf1 exd5 10. e5 Ne4 {is much
more popular.}) 7. Nbxd2 d5 (7... c5 $6 8. e4 cxd4 9. e5 Ng8 10. Ne4 $16) 8.
cxd5 $1 {In my opinion, that tackle secures White a clear advantage.} ({
A few days later Magnus Carlsen solved all the problems in the main tournament:
} 8. Bg2 O-O 9. O-O Nbd7 10. Ne5 (10. Qa4 Bb7 11. cxd5 Bxd5 12. Rfe1 Bb7 13. e4
Qe7 14. Rac1 Rfc8 15. a3 c5 16. e5 Ne8 $11 {1-0 Kazhgaleyev,M (2643)-Sax,G 
(2524)/Sibenik 2009/EXT 2010 (59)}) 10... c5 11. Nxd7 Qxd7 12. cxd5 Nxd5 13.
dxc5 Rac8 14. Nb3 bxc5 15. Rfd1 c4 16. Nd4 c3 $11 {1/2 Giri,A (2696)-Carlsen,M
(2837)/Biel SUI 2012 (37)}) 8... exd5 9. Rc1 c6 {Now Black is doomed to a
passive defence.} 10. e3 {This move offers more.} ({After} 10. e4 dxe4 11. Nxe4
O-O 12. Bxa6 Nxa6 13. O-O Nxe4 14. Qxe4 Qd5 $14 {Black should be able to hold
a slightly inferior endgame.}) 10... Bxf1 11. Kxf1 O-O 12. Ne5 {The most
energetic.} (12. Kg2 $5 Re8 13. Rhd1 h6 14. a3 $14) 12... Qd6 $146 {Vitali
chooses the most principled way of defence - now White must take the pawn.} (
12... Re8 13. Nd3 a5 14. Kg2 Ra7 15. Nf3 Rc7 16. Qb3 Rc8 17. Rc2 $14 {1-0
Berczes,D (2512)-Rigo,J (2325)/Harkany 2009}) (12... Qc8 $6 13. Kg2 Qa6 14. b4
$14 (14. Nxc6 $6 Nxc6 15. Qxc6 Rac8 16. Qd6 Qe2)) 13. Nxc6 (13. Kg2 c5 14. Ndf3
c4 15. b3 b5 {doesn't promise any advantage.}) 13... Nxc6 14. Qxc6 Qxc6 15.
Rxc6 Rac8 {Black seizes the only open file.} 16. Rxc8 $1 {After long
meditation, I decided to give the pawn back.} ({It looks like White was able
to keep his extra pawn:} 16. Rc3 Rxc3 17. bxc3 Rc8 18. Nb1 {but Black's
activity doesn't leaves real winning chances. For instance:} {or} Rc4 (18...
Ne4 19. Kg2 b5 20. Rc1 Rc6 (20... b4 $6 21. f3 $1 Nxc3 22. a3 a5 23. axb4 axb4
24. Kf1 Kf8 25. Nxc3 bxc3 26. Ke2 $16) 21. Rc2 f5 22. Rb2 a6 $44) 19. Ke2 (19.
f3 Ra4 20. a3 Ne8 21. h4 Nd6 22. Ke2 f5 23. Kd3 Kf7 $44) 19... Ra4 20. a3 Ne4 {
[%csl Ra3][%cal Ge4d6,Gd6c4]} 21. g4 Kf8 $44) 16... Rxc8 17. Ke2 Rc2 18. f3 $1
{White should keep the knights on the board.} ({Black should be able to hold
the rook ending after} 18. Kd3 Rxb2 19. Ra1 Ne4 20. Nxe4 dxe4+ 21. Kxe4 Rxf2
22. Rc1 $14) 18... Rxb2 19. Ra1 $14 {White has a better pawn structure, while
Black's monarch is far away from the centre.} Ne8 {The Nf6 was restricted, but
now the rook is in trouble.} ({In my opinion} 19... Rc2 $142 {was safer:} 20.
Kd3 Rc6 21. a4 (21. e4 dxe4+ 22. fxe4 Ng4 $132) 21... Kf8 22. Rb1 Ne8 23. a5
Nc7 $14 {with a slightly passive but solid position.}) 20. Kd3 Rb5 {Taking
care of the poor rook.} ({The danger is in the air, as we can see in the
following line:} 20... Nd6 $2 21. Kc3 Rb5 22. a4 $1 ({Only not} 22. Nb3 $2 a5
$11) 22... Ra5 23. Nb3 Ra6 24. Kb4 $18 {and Black's position is completely
hopeless.}) (20... a5 21. Kc3 Rb5 22. e4 $14) (20... Rb4 21. Kc3 a5 22. a3 Rb5
23. e4 $14) 21. a4 Rb4 22. a5 f5 23. axb6 axb6 24. Kc3 Rb5 25. Nb3 {Although
the Rb5 has no squares at all, White cannot attack it!} (25. Ra7 Kf8 26. Rb7
Nd6 27. Rd7 Nf7 $14) 25... Nd6 26. Ra7 {Cutting off the king.} (26. Ra8+ $5 Kf7
27. Ra7+ Kf6 28. Rd7 Nc4 29. e4 fxe4 30. fxe4 Na5 31. Nxa5 bxa5 $14) 26... Kf8
{Vitali was under some time pressure, so he decides not to force matters.} ({
At the same time Black's task would be easier in the event of} 26... Nc4 $1 27.
e4 fxe4 28. fxe4 Nd6 (28... Na5 $2 29. Nxa5 bxa5 30. exd5 Rxd5 31. Kc4 $16) 29.
e5 Ne4+ 30. Kc2 Rb4 $14) 27. Rd7 (27. Nd2 Ra5 28. Rd7 Nf7 $14) 27... Nf7 $6 {
Too passive.} ({The most natural} 27... Nc4 $142 {was called anyway:} 28. e4
fxe4 29. fxe4 Ne3 30. e5 Nd1+ 31. Kc2 Ne3+ 32. Kb2 h5 $14) 28. h4 {Taking
control of the g5-spot.} h5 (28... g5 $2 {would be dubious:} 29. hxg5 Nxg5 30.
Kb2 {[%csl Rb5][%cal Ga3a4,Gb2a3]} Ke8 31. Rg7 $18) ({But Black had an amazing
alternative at his disposal:} 28... Nd6 $5 29. h5 ({Accepting the challenge
would lead to a nice draw:} 29. Rxd6 $2 Ke7 30. Rc6 Kd7 31. Na5 bxa5 32. Ra6
Kc7 $11) 29... Nc4 30. e4 fxe4 31. fxe4 Ne3 32. e5 Nd1+ 33. Kc2 Ne3+ 34. Kb2 h6
35. g4 $14) 29. Kb2 Ke8 30. Rb7 $2 {The rook is misplaced there.} ({White
could pose a lot of problems by} 30. Rc7 Rb4 $140 (30... Nd6 31. Rxg7 Nc4+ 32.
Kc3 Nxe3 33. Rg5 Nd1+ 34. Kc2 Ne3+ 35. Kb2 $16) 31. Rc6 {[%csl Rg6]} Ke7 32.
Rg6 b5 33. Rxg7 Kf6 34. Rg8 Nd6 35. Rb8 Nc4+ 36. Kc3 Ra4 37. Nc5 Ra3+ 38. Kb4
Rxe3 39. Rf8+ Kg6 40. Kxb5 {[%cal Gb5c6]} Rxf3 41. Ne6 $16) 30... Rb4 (30...
Nd6 $5 31. Rb8+ Ke7 32. Ka3 Kd7 33. Rg8 Nc4+ 34. Ka4 Kc6 35. Rxg7 (35. Rc8+ Kb7
36. Re8 Ka6 $11) 35... Nb2+ 36. Ka3 Nc4+ 37. Ka2 Rb4 $44) 31. Ka3 $6 {Allowing
Black to activate his poor rook!} ({I should keep the pressure by means of} 31.
f4 Nd6 32. Rxg7 Ne4 33. Rb7 b5 $14 {However, Black's activity should tell
anyway.}) 31... Rc4 32. Rxb6 Rc3 $1 {My king and knight are too far away and
cannot protect the pawns.} 33. Re6+ Kd7 34. Rg6 Rxe3 35. Rxg7 Ke7 36. f4 Kf6
37. Rg8 Nd6 38. Kb4 {The position is completely drawn.} (38. Kb4 Ne4 39. Nc5
Nxg3 40. Nd7+ Kf7 41. Rg5 Ke6 $11) 1/2-1/2

[Event "Kolkata op 19th"]
[Site "Kolkata"]
[Date "2014.03.27"]
[Round "10"]
[White "Vidit, Santosh Gujrathi"]
[Black "Lalith, Babu MR"]
[Result "0-1"]
[WhiteElo "2602"]
[BlackElo "2585"]
[Annotator "Sagar Shah"]
[PlyCount "194"]
[EventDate "2014.03.18"]
[EventType "swiss"]
[EventRounds "10"]
[EventCountry "IND"]
[SourceTitle "CBM 159 Extra"]
[Source "ChessBase"]
[SourceDate "2014.04.24"]
[SourceVersion "1"]
[SourceVersionDate "2014.04.24"]
[SourceQuality "1"]

1. d4 Nf6 2. c4 e6 3. Nf3 b6 4. g3 Ba6 5. b3 Bb7 6. Bg2 Bb4+ 7. Bd2 c5 8. O-O
O-O 9. Bc3 Qe7 10. Bb2 cxd4 11. a3 Bc3 12. Nxc3 dxc3 13. Bxc3 Na6 14. b4 Rfd8
15. Qb3 Ne4 16. Bb2 d5 17. cxd5 Bxd5 18. Qe3 Nc7 19. Rac1 Rac8 20. Ne5 Nf6 21.
Nc6 Bxc6 22. Bxc6 Ncd5 23. Qe5 Qc7 24. Qxc7 Rxc7 25. Be5 Rcc8 26. Bb7 Rxc1 27.
Rxc1 Kf8 28. Kg2 Ne8 29. b5 f6 30. Bb2 Ndc7 31. a4 Rd2 32. Ba3+ Kf7 33. e3 Nd5
34. e4 Ne3+ 35. Kg1 Nc2 36. Bb2 Nd4 37. Bc3 $2 {Call it championship pressure
or momentary lapse of concentration, but White has blundered a piece. The
position was worth resigning, but Vidit keeps fighting...} Ne2+ 38. Kf1 Ra2 39.
Rd1 Nxc3 40. Rd7+ Kg6 41. Bc6 Nxa4 42. Rd8 Nc7 43. Rd7 Nxb5 44. Bxb5 Nc5 45.
Re7 Nxe4 46. Bd3 f5 47. Rxe6+ Kg5 48. h4+ Kg4 49. Bxe4 fxe4 50. Rxe4+ Kf5 51.
Re7 Kf6 52. Rb7 h5 53. f3 g6 54. g4 hxg4 55. fxg4 Ra4 56. h5 gxh5 57. gxh5 Kg5
58. Rh7 Ra2 59. Ke1 a5 {... and reaches this position.} 60. Kd1 $2 ({White had
to play} 60. Rd7 $1 Kxh5 61. Rd5+ Kg4 62. Rb5 {is a draw and would have
secured Vidit the title.}) 60... Rf2 $1 {With this move the point was in the
bag for Lalith, and the watching Oliver Barbosa must have heaved a sigh of
relief!} 61. Rh8 Rf6 62. Kc2 Rh6 63. Rg8+ Kf5 64. Kb3 Rxh5 65. Rb8 Rh3+ 66. Ka4
Rh4+ 67. Ka3 Rb4 68. Re8 Kf6 69. Re2 b5 70. Re8 Kf5 71. Rh8 Rg4 72. Rb8 Ra4+
73. Kb3 Rb4+ 74. Ka3 Ke5 75. Rh8 Rf4 76. Rb8 Ra4+ 77. Kb3 Rb4+ 78. Ka3 Kd6 79.
Ra8 Ra4+ 80. Kb3 Kc6 81. Rc8+ Kb7 82. Rh8 Rc4 83. Rh7+ Kb6 84. Rh6+ Rc6 85. Rh3
a4+ 86. Kb4 Rc4+ 87. Ka3 Ka5 88. Rh5 Rc3+ 89. Kb2 Re3 90. Ka2 a3 91. Rh4 b4 92.
Rh8 Re2+ 93. Ka1 Ka4 94. Rh3 Re1+ 95. Ka2 b3+ 96. Rxb3 Re2+ 97. Kb1 Kxb3 0-1

[Event "EU-Cup 31st"]
[Site "Skopje"]
[Date "2015.10.21"]
[Round "4.1"]
[White "Topalov, Veselin"]
[Black "Leko, Peter"]
[Result "1-0"]
[WhiteElo "2813"]
[BlackElo "2707"]
[Annotator "Sagar Shah"]
[PlyCount "117"]
[EventDate "2015.10.18"]
[EventType "team-swiss"]
[EventRounds "7"]
[EventCountry "MKD"]
[SourceTitle "CBM 169"]
[Source "ChessBase"]
[SourceDate "2015.11.10"]
[SourceVersion "1"]
[SourceVersionDate "2015.11.10"]
[SourceQuality "1"]
[WhiteTeam "Socar"]
[BlackTeam "Padova"]
[WhiteTeamCountry "AZE"]
[BlackTeamCountry "ITA"]

1. d4 Nf6 2. c4 e6 3. Nf3 b6 4. g3 Ba6 5. b3 d5 6. cxd5 exd5 {More than 200
games have reached this position and almost all of them have continued with
Bg2. Topalov wanted to try something different. But by making the move a3, he
cannot really hope for an opening advantage. It is more like trying to play a
fresh position.} 7. a3 $5 Ne4 8. Bg2 Bd6 9. Nfd2 Bb7 10. Qc2 f5 11. Nc3 O-O 12.
Nb5 Nc6 13. b4 $6 (13. Nxd6 cxd6 $5 {would have given Black a very comfortable
position but White is not worse in any way. The way Topalov plays leaves him
with a very bad position.}) 13... Be7 $1 {Preserving the bishop. The knight on
b5 looks really silly now.} 14. e3 a5 $1 15. bxa5 Rxa5 $17 {The opening has
gone horribly wrong for White. Not only is he behind in development, his pawn
structure is not so great with a weak and isolated a-pawn and also the black
knight on e4 is very well placed.} 16. Rb1 Qd7 17. Qb3 Kh8 18. Nxe4 fxe4 19.
Bd2 Ra6 20. O-O Na5 21. Bxa5 Rxa5 22. a4 Ba6 23. Rfc1 c6 24. Nc3 Rb8 $6 {
Why do you need to bring the rook from the half open f-file?} (24... Bd8 $1 25.
Na2 c5 $1 (25... Bc4 $6 26. Rxc4 $1 dxc4 27. Qxc4 $44) 26. dxc5 bxc5 $17) 25.
Bf1 Bc8 26. Na2 h6 27. Nb4 Bb7 28. Na2 Bd8 29. Nc3 Rba8 30. Rb2 Bc7 31. Qd1 {
Let's take stock once again to understand what's going on. White has a
weakness on a4 and Black has weaknesses on b6 and c6. It seems as if they
cancel out each other. But the important thing to note here is that the b6 and
c6 weaknesses can be protected by bishops on d8 and d7. Then they are
defending the weaknesses and also eyeing the kingside. Also crucial is the
semi-open f-file. While one of the black rook can continuously put pressure on
the a4 pawn, the other one can go to the f-file and start pressurising the f2
pawn and also threaten a kingside attack. Black has a clear advantage in this
position. It is interesting to see how Peter Leko misplayed this promising
position.} Bd8 $2 {An error. It was much more important to transfer the rook
to the f-file first.} (31... Rf8 $1 32. Qh5 Bc8 {Stopping Bh3.} 33. Rbc2 Bb8 $6
34. Ne2 Rf6 (34... Rf5 $6 35. Qg4 (35. Rxc6 $1 Rxh5 36. Rxc8+ Kh7 37. Rxb8 $11
{[%cal Ge2f4] White has excellent compensation.}) 35... Rf6 36. Qxd7 Bxd7 $17)
35. Nf4 Bxf4 36. exf4 Kh7 $15) 32. Qh5 Bc8 {Now the rook is stuck on a8 and
White can bring his knight into the game via e2.} 33. Rbc2 (33. Ne2 $1 {
was more accurate.}) 33... Be7 (33... Qe6 34. Ne2 Bd7 35. Nf4 Qe8 {and Black
has managed to co-ordinate his position. But White can execute a strong
positional exchange sacrifice.} 36. Qxe8+ Bxe8 37. Rxc6 $1 Bxc6 38. Rxc6 Rxa4
39. Nxd5 $14) 34. Ne2 Ba3 (34... Rxa4 35. Rxc6 $18) 35. Rb1 Rxa4 36. Rxb6 {
All of Black's superior co-ordination is lost and White has nearly a winning
position. The mistakes made by Leko were so subtle in nature - he didn't
organize his forces in the best possible way.} Bb7 37. Nf4 $18 {Look how the
position has changed. From a clearly better situation, Leko misplayed his
position so badly that he is completely lost!} Rb4 38. Ng6+ (38. Rxb4 Bxb4 39.
Bh3 Qd8 40. Ng6+ Kh7 41. Ne5 $18) 38... Kh7 39. Ne5 Qe8 40. Qxe8 Rxe8 41. Rxb4
Bxb4 42. Rb2 c5 43. dxc5 Rxe5 44. Rxb4 $18 {White has won a pawn and the rest
is a matter of straightforward technique.} Re7 45. Rb6 Rc7 46. Bb5 Bc8 47. Rc6
Rb7 48. Rxc8 Rxb5 49. c6 Rc5 50. Kg2 Rc2 51. h4 h5 52. c7 g6 53. g4 d4 54. exd4
e3 55. Kf1 e2+ 56. Ke1 g5 57. hxg5 h4 58. Rf8 h3 59. Rf6 1-0

[Event "Candidates Tournament"]
[Site "Moscow"]
[Date "2016.03.17"]
[Round "6"]
[White "Caruana, Fabiano"]
[Black "Karjakin, Sergey"]
[Result "1/2-1/2"]
[WhiteElo "2794"]
[BlackElo "2760"]
[Annotator "Sagar Shah/CB Website"]
[PlyCount "72"]
[EventDate "2016.03.11"]
[EventType "tourn"]
[EventRounds "14"]
[EventCountry "RUS"]
[EventCategory "22"]
[SourceTitle "CBM 172"]
[Source "ChessBase"]
[SourceDate "2016.05.12"]
[SourceVersion "1"]
[SourceVersionDate "2016.05.12"]
[SourceQuality "1"]

1. d4 Nf6 2. c4 e6 3. Nf3 b6 4. g3 Ba6 5. b3 Bb4+ 6. Bd2 Be7 7. Nc3 d5 8. cxd5
exd5 9. Bg2 O-O 10. O-O Re8 11. a3 $5 {[%cal Ga2a3] While Topalov wanted to
enforce b4 with the move Rb1, Caruana went for a3. But this move has a deeper
point which is to use the safer square a2 to lift the rook rather than the
b2-square.} c5 12. dxc5 bxc5 13. Ne5 Bb7 14. Bf4 Nbd7 (14... Bf8 {was played
by Karjakin against Topalov, and when Topalov had responded with Rb2, the
bishop came back to d6 as in many lines the rook was hanging on b2. Here
Caruana can avoid all of that with the move Ra2!} 15. Ra2 $1 Bd6 $2 16. Nxd5 $1
$18) 15. Nc4 $5 (15. Nxf7 $6 Kxf7 16. Nxd5 Nxd5 17. Bxd5+ Bxd5 18. Qxd5+ Kf8
$15) 15... Nb6 16. Na5 Ba6 17. b4 $5 (17. Nc6 Qd7 18. Nxe7+ Qxe7 $11 {should
be around equal.}) 17... cxb4 {This move was not expected by Caruana. It is
really not the best, but to prove an advantage against it is not an easy task.}
({Better was} 17... Bd6) ({or} 17... Qd7) 18. axb4 Bxb4 19. Nc6 Bxc3 20. Nxd8
Bxe2 21. Qb3 (21. Qc2 {was also possible.} Bxa1 22. Rxa1 Raxd8 (22... Rexd8 23.
Qxe2 $18) 23. Rxa7 $16) 21... Bxa1 22. Rxa1 Raxd8 {Karjakin didn't want to
allow the manoeuvre Be5-d4 and hence took with this rook. But this means that
the a7-pawn falls.} (22... Rexd8 23. Bc7 Rdc8 24. Bxb6 axb6 25. Rxa8 Rxa8 26.
Bxd5 $16) 23. Rxa7 Nc4 {This is critical for assessing the quality of
Karjakin's sacrifice. It must be said that over the board this position is not
so easy to win for White. Black hardly has any weaknesses. The pawns are all
on one side, which greatly reduces White's chances. Caruana tried hard but
couldn't crack through Karjakin's defences.} 24. h3 Bh5 25. Bg5 Bg6 26. Bxf6
gxf6 27. g4 Kg7 28. Qc3 d4 $1 {This was truly a study-like finish by Karjakin.
His defensive capabilities are truly fantastic.} 29. Qxc4 d3 30. g5 {This
looks like the most natural way to force events, but better could have been} (
30. Kh2 d2 31. Bf3 d1=Q 32. Bxd1 Rxd1 $16 {when White can keep trying. Whether
he can win or not is a different question, but he has some chances.}) 30... d2
(30... fxg5 $2 31. Bd5 $1 d2 32. Qd4+ Kg8 33. Qxd2 $18) 31. gxf6+ Kh8 (31...
Kxf6 32. Qc3+ Kg5 33. Bf3 {and the king on g5 doesn't really feel safe.} d1=Q+
34. Bxd1 Rxd1+ 35. Kh2 Kh6 36. Qf6 Re6 37. Qf4+ Kg7 38. Rxf7+ Bxf7 39. Qg4+ Kf8
40. Qxd1 {and although White is up a lot of material this might well be a
theoretical draw.}) 32. Bf3 Be4 $1 {A very strong move that had to be
accurately calculated.} 33. Kh2 (33. Qxf7 $2 d1=Q+ (33... Rg8+ 34. Qg7+ Rxg7+
35. fxg7+ Kg8 36. Bd1 $11) 34. Bxd1 Rxd1+ 35. Kh2 Rg8 36. Qxg8+ Kxg8 $19) (33.
Bg4 Rg8 34. Ra1 d1=Q+ 35. Rxd1 Rxd1+ 36. Kh2 Bd5 $11) 33... Bd5 $1 34. Qg4 (34.
Qh4 Rg8 $1 35. Rxf7 (35. Bxd5 d1=Q) 35... Bxf7 36. Be4 Bg6 37. f7 d1=Q 38. Qf6+
Rg7 39. f8=Q+ Rxf8 40. Qxf8+ Rg8 41. Qf6+ $11) 34... Rg8 35. Bd1 Rxg4 36. hxg4
h6 {A brilliant defensive effort by Sergey.} 1/2-1/2

[Event "Candidates Tournament"]
[Site "Moscow"]
[Date "2016.03.21"]
[Round "9"]
[White "Nakamura, Hikaru"]
[Black "Karjakin, Sergey"]
[Result "1/2-1/2"]
[WhiteElo "2790"]
[BlackElo "2760"]
[Annotator "Sagar Shah/CB Website"]
[PlyCount "88"]
[EventDate "2016.03.11"]
[EventType "tourn"]
[EventRounds "14"]
[EventCountry "RUS"]
[EventCategory "22"]
[SourceTitle "CBM 172"]
[Source "ChessBase"]
[SourceDate "2016.05.12"]
[SourceVersion "1"]
[SourceVersionDate "2016.05.12"]
[SourceQuality "1"]

1. d4 Nf6 2. c4 e6 3. Nf3 b6 4. g3 Ba6 5. b3 Bb4+ 6. Bd2 Be7 7. Nc3 d5 8. cxd5
exd5 9. Bg2 O-O 10. O-O Re8 {What is wrong with Sergey, or should we ask: how
exactly does he believe so much in his system! He has played this for the
fourth time in the tournament. Nakamura tries to follow the path taken by
Veselin Topalov.} 11. Rb1 {[%cal Ga1b1]} Nbd7 {Karjakin improves on his game
against Topalov, where he went c5.} 12. b4 Bc4 13. Bf4 {This is the logical
move with the threat of Nd2.} Ne4 {Stopping Nd2.} 14. Nxe4 dxe4 15. Nd2 Bxa2
16. Bxe4 Bxb1 17. Qxb1 Nf6 $1 {Giving back the exchange. Saving the rook and
giving up the h7 pawn is just too dangerous.} 18. Bxa8 Qxa8 {The position is
relatively even at this point. The question is what exactly was Nakamura's
home preparation all about if the best he could manage was this position.} 19.
e4 Rd8 $5 {This natural move was not studied by Nakamura in his home
preparation.} 20. Be3 $5 (20. d5 {is a bad move because of} c6 $1 21. d6 Bxd6
22. e5 Bxe5 $1 23. Bxe5 Rxd2 $17) (20. Be5 Ng4 $15) 20... Ng4 21. h3 $5 (21.
Rc1 {is another option at this point.} Nxe3 {Ok, Black is not really forced to
take on e3, but definitely the move Rc1 looks useful. Nakamura wanted to open
the f-file immediately for his rook.} 22. fxe3 $14) 21... Nxe3 22. fxe3 a5 $1 {
I like this move – it immediately clarifies the situation on the queenside.}
23. bxa5 (23. Qb3 Rf8) 23... Qxa5 24. Qc2 Qg5 25. Rf3 (25. Qxc7 Qxe3+ 26. Rf2
Bf6 $17) 25... c5 {Black is already very comfortably placed.} 26. Qb3 cxd4 27.
Qxf7+ Kh8 28. h4 (28. exd4 Qxd2 29. Qxe7 Qxd4+ 30. Kg2 $11) 28... Qe5 (28...
Qc5 29. Nb3 Qe5 30. Nxd4 Qxe4 31. Ne6 Rg8 32. h5 $36) 29. Nc4 Qxe4 30. Rf4 Qb1+
31. Kh2 (31. Kg2 Qa2+ 32. Kh3 Bb4 $11) 31... Rg8 32. exd4 b5 33. Ne5 Bd6 34.
Qd5 Qc2+ 35. Kg1 Bxe5 36. dxe5 Qe2 37. Rf2 Qe3 38. Kg2 b4 39. e6 (39. Qb5 $5 g5
$1 {Not at all an easy move to make, but it does equalize the game.} 40. h5
Qe4+ 41. Kh2 Qg4 $11) 39... h6 40. Qd7 Qe4+ 41. Kh2 Kh7 42. e7 Ra8 $1 {An
important idea creating mating nets on the back rank and securing the draw.}
43. Rg2 b3 44. Qb5 Qxe7 1/2-1/2